000 01141cab a2200289 4500
001 WB3347-27
008 090401t1997 xxu||||| |||| 00| 0 eng d
035 _a(Sirsi) u82498
041 _aeng
245 _aBusiness lead regional agencies
260 _c1997
350 _a0
490 _aFinancial Times
_v3 December 1997, 7; 4 December 1997, 7
490 _aRICS Press Release
_vpr132.corp 4 December 1997, 2(4)
520 _aA mixed reaction to government plans for nine reginal development agencies to take over responsibility for regional development from English Partnerships and Rural Development Commission from 1999. Supporters of the proposals include the CBI, BCC whilst Lord Shuttleworth has resigned over the decision to remove the RDC`s regeneration responsibility. RICS comments.
650 _aDECENTRALISATION
650 _aDEVOLUTION
650 _aLOCAL COUNCILLORS
650 _aREGIONAL DEVELOPMENT AGENCIES
650 _aREGIONAL DEVELOPMENT
650 _aREGIONS
650 _aRURAL DEVELOPMENT COMMISSION
650 _aWHITE PAPER
690 _aURBAN RENEWAL
942 _n0
948 _c04/12/1997
999 _c52095
_d52095